00601nam a2200205Ia 4500008004100000020001700041040001400058082002200072100003800094245002300132250001000155260003900165300001300204365002800217366000800245505002000253620007600273630002300349730002300372100315s9999 xx 000 0 und d a0071125116  cENGLISH  b3613 a658.834  a"Loudon, D.L., DellaBitta, A.J. " aConsumer Behaviour a4th  aNew York bMcGrow Hill  c1993  a788p.   eRupees d1 b740.00  f0  gTushar Jadhav  a"Studing Consumer Behaviour,Understanding Consumer & Market Segments " aConsumer Behaviour aConsumer Behaviour